000 00356nam a2200133Ia 4500
008 230718s9999 xx 000 0 und d
082 _a591
_bطار-ک
100 _aطارق محمد سعید شاخ
245 0 _aکائنات
260 _aPakistan
_bسنگ میل پولی کمتر را ہوگا
_c1999
300 _a132
650 _aLaw
999 _c26288
_d26288